Screening effects in bipolaron theory and high temperature superconductivity : (Record no. 597398)

MARC details
000 -LEADER
fixed length control field 00550nam a2200193 a 4500
001 - CONTROL NUMBER
control field 1763019119969
003 - CONTROL NUMBER IDENTIFIER
control field ACL
005 - DATE AND TIME OF LATEST TRANSACTION
control field 20251113130349.0
008 - FIXED-LENGTH DATA ELEMENTS--GENERAL INFORMATION
fixed length control field 251113s1997##################000#0#eng##
020 ## - INTERNATIONAL STANDARD BOOK NUMBER
International Standard Book Number 9788876422799
082 04 - DEWEY DECIMAL CLASSIFICATION NUMBER
Classification number 620.112973
040 ## - CATALOGING SOURCE
Original cataloging agency ACL
Language of cataloging eng
Transcribing agency ACL
100 1# - MAIN ENTRY--PERSONAL NAME
Personal name Chiofalo, Maria Luisa,
Relator term author.
245 10 - TITLE STATEMENT
Title Screening effects in bipolaron theory and high temperature superconductivity :
260 ## - PUBLICATION, DISTRIBUTION, ETC.
Name of publisher, distributor, etc. Edizioni della Normale,
Date of publication, distribution, etc. 1997.
300 ## - PHYSICAL DESCRIPTION
Extent 151 pages
650 #0 - SUBJECT ADDED ENTRY--TOPICAL TERM
Topical term or geographic name entry element Technology & Engineering.
942 ## - ADDED ENTRY ELEMENTS (KOHA)
Koha item type English Books
Holdings
Withdrawn status Lost status Damaged status Not for loan Home library Current library Shelving location Date acquired Total Checkouts Full call number Barcode Date last seen Price effective from Koha item type
        Anna Centenary Library Anna Centenary Library 6TH FLOOR, A WING 13.11.2025   620.112973 318536 09.02.2026 13.11.2025 English Books

Find us on the map